000 00456nam a2200169Ia 4500
001 13132
005 20260306163031.0
008 260306t9999||||xx |||||||||||||| ||spa||
041 _aESP
082 _aRX 331.109854
_bI52 2012
100 _aChávez Contreras, Germán
_eAUT
245 0 _aInforme socio económico laboral 2012:
_bDistritos de Cerro Colorado y Paucarpata
300 _a
_c
650 _aGEN
654 _aCAN
942 _cLIB
_dJUS
_fJUS
_2ddc
_n
999 _c13132
_d13132